Statistiques concernant Focus sur: Lily Potter II - Harry Potter

Cliquez ici pour prendre le quiz!

Statistiques générales

  • Ce quiz a été pris 207 fois
  • Le résultat moyen est 9 sur 10

Statistiques - réponses

Informations recherchéesRéponses% Correct
Ecole fréquentéePoudlard
99%
PèreHarry Potter
98%
MèreGinny Weasley
96%
Maison fréquentéeGryffondor
96%
Première apparitionHarry Potter et les Reliques de la Mort
96%
Couleur des cheveuxRoux
96%
FrèreAlbus Potter
94%
Statut du sangSang-Mêlé
94%
FrèreJames Potter II
93%
Actrice l'interprétant dans les filmsDaphne de Beistegui
22%

Distribution des résultats

Percentile par nombre de réponses

% des personnes avec chaque résultat

Votre développement - résultats

Vous n’avez pas pris ce quiz